Discriminación en el acceso al empleo, en las categorías profesionales, la formación y la promoción (Registro nro. 46622)
[ vista simple ]
| 000 -CABECERA | |
|---|---|
| Longitud fija campo de control | 01522naa a2200373 c 4500 |
| 001 - NÚMERO DE CONTROL | |
| Número de control | 46620 |
| 003 - IDENTIFICADOR DE NÚMERO DE CONTROL | |
| Identificador del número de control | ES-MaCES |
| 005 - FECHA Y HORA DE LA ÚLTIMA TRANSACCIÓN | |
| Fecha y hora de la última transacción | 20151211095650.0 |
| 008 - CAMPO FIJO DE DESCRIPCIÓN FIJA--INFORMACIÓN GENERAL | |
| Códigos de información de longitud fija | 151104s2012 sp ||||| t||||||| ||spa d |
| 040 ## - FUENTE DE CATALOGACIÓN | |
| Centro catalogador de origen | ES-MaCES |
| Lengua de catalogación | spa |
| Centro transcriptor | ES-MaCES |
| Centro modificado | ES-MaCES |
| 100 1# - ENCABEZAMIENTO PRINCIPAL--NOMBRE PERSONAL | |
| 9 (RLIN) | 19692 |
| Nombre de persona | Nogueira Guastavino, Magdalena |
| 245 10 - MENCIÓN DE TÍTULO | |
| Título | Discriminación en el acceso al empleo, en las categorías profesionales, la formación y la promoción |
| Resto del título | : tendencias de la negociación colectiva |
| Mención de responsabilidad, etc. | Magdalena Nogueira Guastavino |
| 650 #4 - ASIENTO SECUNDARIO DE MATERIA--TÉRMINO DE MATERIA | |
| 9 (RLIN) | 28362 |
| Término de materia o nombre geográfico como elemento inicial | negociación colectiva |
| 650 #4 - ASIENTO SECUNDARIO DE MATERIA--TÉRMINO DE MATERIA | |
| 9 (RLIN) | 28369 |
| Término de materia o nombre geográfico como elemento inicial | relaciones laborales |
| 650 #4 - ASIENTO SECUNDARIO DE MATERIA--TÉRMINO DE MATERIA | |
| 9 (RLIN) | 28361 |
| Término de materia o nombre geográfico como elemento inicial | convenio colectivo |
| 650 #4 - ASIENTO SECUNDARIO DE MATERIA--TÉRMINO DE MATERIA | |
| 9 (RLIN) | 28657 |
| Término de materia o nombre geográfico como elemento inicial | mujeres |
| 650 #4 - ASIENTO SECUNDARIO DE MATERIA--TÉRMINO DE MATERIA | |
| 9 (RLIN) | 28413 |
| Término de materia o nombre geográfico como elemento inicial | trabajadora |
| 650 #4 - ASIENTO SECUNDARIO DE MATERIA--TÉRMINO DE MATERIA | |
| 9 (RLIN) | 29565 |
| Término de materia o nombre geográfico como elemento inicial | trabajadora madre de familia |
| 650 #4 - ASIENTO SECUNDARIO DE MATERIA--TÉRMINO DE MATERIA | |
| 9 (RLIN) | 28299 |
| Término de materia o nombre geográfico como elemento inicial | empleo |
| 650 #4 - ASIENTO SECUNDARIO DE MATERIA--TÉRMINO DE MATERIA | |
| 9 (RLIN) | 28292 |
| Término de materia o nombre geográfico como elemento inicial | mercado de trabajo |
| 650 #4 - ASIENTO SECUNDARIO DE MATERIA--TÉRMINO DE MATERIA | |
| 9 (RLIN) | 29566 |
| Término de materia o nombre geográfico como elemento inicial | segmentación del mercado de trabajo |
| 650 #4 - ASIENTO SECUNDARIO DE MATERIA--TÉRMINO DE MATERIA | |
| 9 (RLIN) | 30439 |
| Término de materia o nombre geográfico como elemento inicial | división del trabajo por sexo |
| 650 #4 - ASIENTO SECUNDARIO DE MATERIA--TÉRMINO DE MATERIA | |
| 9 (RLIN) | 30420 |
| Término de materia o nombre geográfico como elemento inicial | condiciones de admisión al trabajo |
| 650 #4 - ASIENTO SECUNDARIO DE MATERIA--TÉRMINO DE MATERIA | |
| 9 (RLIN) | 29521 |
| Término de materia o nombre geográfico como elemento inicial | discriminación por razones de sexo |
| 650 #4 - ASIENTO SECUNDARIO DE MATERIA--TÉRMINO DE MATERIA | |
| 9 (RLIN) | 30649 |
| Término de materia o nombre geográfico como elemento inicial | igualdad de oportunidades en el empleo |
| 650 #4 - ASIENTO SECUNDARIO DE MATERIA--TÉRMINO DE MATERIA | |
| 9 (RLIN) | 30147 |
| Término de materia o nombre geográfico como elemento inicial | igualdad de trato |
| 650 #4 - ASIENTO SECUNDARIO DE MATERIA--TÉRMINO DE MATERIA | |
| 9 (RLIN) | 30174 |
| Término de materia o nombre geográfico como elemento inicial | flexibilidad del trabajo |
| 650 #4 - ASIENTO SECUNDARIO DE MATERIA--TÉRMINO DE MATERIA | |
| 9 (RLIN) | 28319 |
| Término de materia o nombre geográfico como elemento inicial | calificación profesional |
| 650 #4 - ASIENTO SECUNDARIO DE MATERIA--TÉRMINO DE MATERIA | |
| 9 (RLIN) | 27394 |
| Término de materia o nombre geográfico como elemento inicial | formación profesional |
| 653 10 - TÉRMINO DE INDEXACIÓN--NO CONTROLADO | |
| Término no controlado | Mujer |
| 773 0# - ENTRADA DE DOCUMENTO FUENTE | |
| Itemnumber del ítem fuente | 27504 |
| Lugar, editor y fecha de publicación | Granada Comares 2012 |
| Otro identificador del documento | 081229 |
| Título | Negociando la igualdad en las empresas |
| Número de control del registro relacionado | (ES-MaCES)24410 |
| Número Internacional Normalizado para Libros (ISBN) | 9788498369274 |
| Parte(s) relacionada(s) | p.91-132 . - SG-2.0.-262 |
| 902 ## - CES. TIPO DE DOCUMENTO | |
| Tipodoc (006$c Sirtex) | ARL Artículo de libro |
| 942 ## - ELEMENTOS KOHA | |
| Fuente de clasificaión o esquema | Clasificación propia del CES |
| Koha [por defecto] tipo de item | Artículos (1982-2017) |
| Parte de clasificación | Asuntos Sociales |
No hay ítems disponibles.
